[Event "Titled Tuesday intern op 29th Aug Early"]
[Site "Chess.com INT"]
[Date "2023.08.29"]
[Round "1"]
[White "Rizzo, Tobias"]
[Black "Bok, Benjamin"]
[Result "0-1"]
[WhiteElo "1925"]
[BlackElo "2617"]
[PlyCount "76"]
[EventDate "2023.08.29"]
[EventType "swiss (blitz)"]
[EventRounds "11"]
[EventCountry "USA"]
[SourceTitle "EXT 2024"]
[Source "ChessBase"]
[SourceDate "2023.10.10"]
[SourceVersion "1"]
[SourceVersionDate "2023.10.10"]
[SourceQuality "1"]

1. d4 Nf6 2. Bg5 d5 3. Bxf6 gxf6 4. e3 c5 5. c4 cxd4 6. exd4 Nc6 7. Nf3 Bg4 8. Be2 dxc4 9. Nbd2 b5 10. a4 a6 11. h3 Bh5 12. d5 Qxd5 13. axb5 Qxb5 14. Bxc4 Qb6 15. 0-0 Bg7 16. Qa4 0-0 17. Nh2 e6 18. Ne4 f5 19. Ng3 Bg6 20. Rac1 Nd4 21. b3 Rfb8 22. Rfd1 a5 23. Qd7 Nxb3 24. Rb1 a4 25. Nf3 Rd8 26. Qe7 Rxd1+ 27. Rxd1 a3 28. Nd2 Nxd2 29. Rxd2 a2 30. Rxa2 Qb1+ 31. Kh2 Rxa2 32. Ne2 Rxe2 33. Bxe2 Qb8+ 34. g3 Bf8 35. Qf6 Bc5 36. f4 Qd6 37. Qc3 Qd4 38. Qxd4 Bxd4 0-1

[Event "Speed Chess Q2 Sw"]
[Site "Chess.com INT"]
[Date "2023.08.23"]
[Round "8"]
[White "Cieslak, Patryk"]
[Black "Rizzo, Tobias"]
[Result "1-0"]
[WhiteElo "2270"]
[BlackElo "1925"]
[PlyCount "65"]
[EventDate "2023.08.23"]
[EventType "swiss (blitz)"]
[EventRounds "14"]
[EventCountry "USA"]
[SourceTitle "CBM 215 Extra"]
[Source "ChessBase"]
[SourceDate "2023.09.30"]
[SourceVersion "1"]
[SourceVersionDate "2023.09.30"]
[SourceQuality "1"]

1. e4 c5 2. Nf3 e6 3. d4 cxd4 4. Nxd4 Nf6 5. Nc3 Nc6 6. Ndb5 Bb4 7. a3 Bxc3+ 8. Nxc3 d5 9. exd5 exd5 10. Bd3 0-0 11. 0-0 d4 12. Ne2 Bg4 13. f3 Bh5 14. Bg5 Bg6 15. Ng3 Qd6 16. f4 Bxd3 17. Qxd3 Nd5 18. f5 f6 19. Bd2 Rfe8 20. Rae1 Nb6 21. Qf3 Nc4 22. Bf4 Qc5 23. Kh1 b5 24. b4 Qb6 25. Qd5+ Kh8 26. Nh5 Ne3 27. Bxe3 dxe3 28. Nf4 Re5 29. Qf7 Re7 30. Qa2 Re5 31. Rf3 Rae8 32. Ng6+ hxg6 33. Rh3# 1-0

[Event "Speed Chess Q2 Sw"]
[Site "Chess.com INT"]
[Date "2023.08.23"]
[Round "3"]
[White "Leiva Rodriguez, Jeammarco Giuseppe"]
[Black "Rizzo, Tobias"]
[Result "1-0"]
[WhiteElo "2380"]
[BlackElo "1925"]
[PlyCount "33"]
[EventDate "2023.08.23"]
[EventType "swiss (blitz)"]
[EventRounds "14"]
[EventCountry "USA"]
[SourceTitle "CBM 215 Extra"]
[Source "ChessBase"]
[SourceDate "2023.09.30"]
[SourceVersion "1"]
[SourceVersionDate "2023.09.30"]
[SourceQuality "1"]

1. e4 c5 2. d4 cxd4 3. Nf3 e6 4. Nxd4 Nf6 5. Nc3 Nc6 6. Qd3 Bb4 7. Bd2 a6 8. Nxc6 bxc6 9. e5 Nd5 10. Ne4 Be7 11. c4 Nb4 12. Qg3 Nc2+ 13. Kd1 Nxa1 14. Qxg7 Rf8 15. Nd6+ Bxd6 16. exd6 Nc2 17. Bh6 1-0

[Event "Speed Chess Q2 Sw"]
[Site "Chess.com INT"]
[Date "2023.08.23"]
[Round "14"]
[White "Rizzo, Tobias"]
[Black "Asylov, Miras"]
[Result "0-1"]
[WhiteElo "1925"]
[BlackElo "2243"]
[PlyCount "28"]
[EventDate "2023.08.23"]
[EventType "swiss (blitz)"]
[EventRounds "14"]
[EventCountry "USA"]
[SourceTitle "CBM 215 Extra"]
[Source "ChessBase"]
[SourceDate "2023.09.30"]
[SourceVersion "1"]
[SourceVersionDate "2023.09.30"]
[SourceQuality "1"]

1. d4 Nf6 2. Bg5 d5 3. Bxf6 gxf6 4. e3 c5 5. dxc5 e6 6. c4 dxc4 7. Qxd8+ Kxd8 8. Bxc4 Bxc5 9. Nc3 Ke7 10. 0-0-0 Bd7 11. Nf3 Bc6 12. Nh4 Rg8 13. Rhe1 Rg4 14. g3 Rxc4 0-1

[Event "Speed Chess Q2 Sw"]
[Site "Chess.com INT"]
[Date "2023.08.23"]
[Round "4"]
[White "Rizzo, Tobias"]
[Black "Tanenbaum, Zachary Chen"]
[Result "0-1"]
[WhiteElo "1925"]
[BlackElo "2279"]
[PlyCount "110"]
[EventDate "2023.08.23"]
[EventType "swiss (blitz)"]
[EventRounds "14"]
[EventCountry "USA"]
[SourceTitle "CBM 215 Extra"]
[Source "ChessBase"]
[SourceDate "2023.09.30"]
[SourceVersion "1"]
[SourceVersionDate "2023.09.30"]
[SourceQuality "1"]

1. d4 d5 2. Bf4 Nf6 3. Nf3 c5 4. e3 Nc6 5. Nc3 cxd4 6. exd4 a6 7. h3 Qb6 8. Na4 Qa5+ 9. c3 Ne4 10. b4 Qd8 11. Rc1 Bf5 12. Bd3 e6 13. 0-0 Bd6 14. Bxd6 Qxd6 15. Nc5 Rb8 16. Bxe4 Bxe4 17. Nxe4 dxe4 18. Nd2 f5 19. a4 0-0 20. Nc4 Qd5 21. Ne3 Qd7 22. f4 exf3 23. Qxf3 e5 24. b5 Ne7 25. dxe5 axb5 26. Rfd1 Qe6 27. axb5 Qxe5 28. c4 Qc5 29. Kh1 Rbd8 30. Nd5 Ng6 31. Rd2 Ne5 32. Qf4 Ng6 33. Qg5 Rd7 34. h4 Ne5 35. Qf4 Ng6 36. Qg5 Rdf7 37. h5 Ne5 38. Qf4 Ng4 39. Rc3 Kh8 40. Rg3 Re8 41. Rd1 Nf2+ 42. Kh2 Nxd1 43. h6 g6 44. Qd2 Qf8 45. Qxd1 Qxh6+ 46. Rh3 Qg7 47. Qd3 f4 48. Nxf4 Rxf4 49. Qg3 Qe5 50. c5 Rf5 51. Qxe5+ Rfxe5 52. c6 bxc6 53. bxc6 Rc8 54. c7 Rxc7 55. Rf3 Rce7 0-1

[Event "Titled Tuesday intern op 22nd Aug Early"]
[Site "Chess.com INT"]
[Date "2023.08.22"]
[Round "3"]
[White "Bifulco, Michel"]
[Black "Rizzo, Tobias"]
[Result "1-0"]
[WhiteElo "2288"]
[BlackElo "1925"]
[PlyCount "141"]
[EventDate "2023.08.22"]
[EventType "swiss (blitz)"]
[EventRounds "11"]
[EventCountry "USA"]
[SourceTitle "EXT 2024"]
[Source "ChessBase"]
[SourceDate "2023.10.10"]
[SourceVersion "1"]
[SourceVersionDate "2023.10.10"]
[SourceQuality "1"]

1. d4 Nf6 2. c4 g6 3. Nc3 d5 4. Bf4 Bg7 5. e3 0-0 6. cxd5 Nxd5 7. Nxd5 Qxd5 8. Bxc7 Na6 9. Bxa6 bxa6 10. Nf3 Bb7 11. 0-0 Rac8 12. Bg3 Rc4 13. b3 Rc3 14. Rc1 Rfc8 15. Qd2 Qa5 16. Rxc3 Qxc3 17. Qxc3 Rxc3 18. Be5 Bxf3 19. gxf3 Bxe5 20. dxe5 Rc2 21. Ra1 Rb2 22. f4 f5 23. exf6 exf6 24. Kg2 Kf7 25. Kf3 Ke6 26. h4 f5 27. h5 Kf6 28. hxg6 hxg6 29. Rc1 Rxa2 30. Rc6+ Kf7 31. Rc7+ Kf6 32. Rxa7 Ra3 33. b4 Ra4 34. Rb7 a5 35. Rb6+ Kf7 36. bxa5 Rxa5 37. Rb2 Ra4 38. Kg3 Kf6 39. Kh4 Ra6 40. Rb3 Rc6 41. f3 Re6 42. Ra3 Rb6 43. e4 fxe4 44. fxe4 Rb4 45. Re3 Rb5 46. Kg4 Rb6 47. e5+ Kf7 48. Ra3 Rb7 49. Kg5 Kg7 50. Ra6 Rf7 51. Rxg6+ Kh7 52. Rf6 Rg7+ 53. Kf5 Kg8 54. e6 Re7 55. Ke5 Ra7 56. Rg6+ Kf8 57. Rh6 Kg7 58. Rh1 Ra5+ 59. Kd6 Ra6+ 60. Kd5 Ra5+ 61. Ke4 Kf6 62. Rh6+ Ke7 63. f5 Ra4+ 64. Kf3 Ra3+ 65. Kg4 Ra4+ 66. Kg5 Ra1 67. Rh7+ Ke8 68. Kf6 Kd8 69. Rh8+ Kc7 70. e7 Ra6+ 71. Kf7 1-0

[Event "Titled Tuesday intern op 25th Jul Late"]
[Site "Chess.com INT"]
[Date "2023.07.25"]
[Round "6"]
[White "Korchmar, Vasiliy"]
[Black "Rizzo, Tobias"]
[Result "1-0"]
[WhiteElo "2438"]
[BlackElo "1866"]
[PlyCount "29"]
[EventDate "2023.07.25"]
[EventType "swiss (blitz)"]
[EventRounds "11"]
[EventCountry "USA"]
[SourceTitle "EXT 2024"]
[Source "ChessBase"]
[SourceDate "2023.10.10"]
[SourceVersion "1"]
[SourceVersionDate "2023.10.10"]
[SourceQuality "1"]

1. e4 c5 2. d4 cxd4 3. Qxd4 Nc6 4. Qd3 Nf6 5. Nc3 e6 6. Bf4 Bb4 7. 0-0-0 0-0 8. e5 Bxc3 9. Qxc3 Nd5 10. Rxd5 exd5 11. Bd3 d4 12. Qe1 f5 13. h4 Qa5 14. Qe2 Qxa2 15. Bc4+ 1-0

[Event "Titled Tuesday intern op 25th Jul Late"]
[Site "Chess.com INT"]
[Date "2023.07.25"]
[Round "4"]
[White "Rizzo, Tobias"]
[Black "Matinian, Nikita"]
[Result "1-0"]
[WhiteElo "1866"]
[BlackElo "2421"]
[PlyCount "85"]
[EventDate "2023.07.25"]
[EventType "swiss (blitz)"]
[EventRounds "11"]
[EventCountry "USA"]
[SourceTitle "EXT 2024"]
[Source "ChessBase"]
[SourceDate "2023.10.10"]
[SourceVersion "1"]
[SourceVersionDate "2023.10.10"]
[SourceQuality "1"]

1. d4 Nf6 2. Bg5 d5 3. Bxf6 gxf6 4. e3 c5 5. dxc5 e6 6. c4 dxc4 7. Qxd8+ Kxd8 8. Bxc4 Bxc5 9. Nc3 Ke7 10. 0-0-0 a6 11. Ne4 Ba7 12. a4 Nc6 13. Nf3 Rg8 14. g3 Bd7 15. Nxf6 Kxf6 16. Rxd7 Rg4 17. b3 Bb8 18. h3 Rg8 19. Rhd1 b5 20. axb5 axb5 21. Bxb5 Ne5 22. Nxe5 Bxe5 23. Ba4 Rgc8+ 24. Kb1 Rab8 25. f4 Bc3 26. e4 Rc4 27. Ka2 Rc5 28. e5+ Kg7 29. Re7 Bb4 30. Red7 Rc2+ 31. Kb1 Rh2 32. h4 Rc8 33. Rc1 Bc3 34. Rd3 Rb2+ 35. Ka1 Rc2+ 36. Kb1 Rb2+ 37. Ka1 Rxb3+ 38. Ka2 Rb2+ 39. Ka3 Bb4+ 40. Kxb2 Rb8 41. Bb3 Be7 42. Rc7 Bd8 43. Ra7 1-0

[Event "Titled Tuesday intern op 25th Jul Late"]
[Site "Chess.com INT"]
[Date "2023.07.25"]
[Round "5"]
[White "Tristan, Leonardo"]
[Black "Rizzo, Tobias"]
[Result "1-0"]
[WhiteElo "2526"]
[BlackElo "1866"]
[PlyCount "155"]
[EventDate "2023.07.25"]
[EventType "swiss (blitz)"]
[EventRounds "11"]
[EventCountry "USA"]
[SourceTitle "EXT 2024"]
[Source "ChessBase"]
[SourceDate "2023.10.10"]
[SourceVersion "1"]
[SourceVersionDate "2023.10.10"]
[SourceQuality "1"]

1. d4 Nf6 2. Nf3 g6 3. Bf4 Bg7 4. e3 0-0 5. Be2 c5 6. c3 d5 7. 0-0 Nc6 8. h3 Qb6 9. Qb3 c4 10. Qa3 Bf5 11. b3 cxb3 12. axb3 a6 13. Nbd2 Rac8 14. Rfc1 Rfd8 15. Ne1 Ne4 16. Nxe4 dxe4 17. Bg5 f6 18. Bc4+ Kh8 19. Bh4 e5 20. g4 Bd7 21. Bg3 f5 22. Bd5 exd4 23. exd4 Be8 24. Be6 Bd7 25. Bxd7 Rxd7 26. Ng2 Ne7 27. Be5 fxg4 28. Bxg7+ Kxg7 29. hxg4 Qe6 30. Ne3 Nd5 31. Qb2 Nxe3 32. fxe3 Qxg4+ 33. Qg2 Qxg2+ 34. Kxg2 h5 35. c4 g5 36. d5 Kg6 37. Rd1 Rd6 38. Rd4 Kf5 39. Rf1+ Ke5 40. Rf7 b5 41. Re7+ Kf6 42. Rexe4 bxc4 43. bxc4 Rc5 44. Kf3 a5 45. Rd3 a4 46. Red4 Ke5 47. Re4+ Kf5 48. Red4 Ke5 49. Ra3 Ra5 50. Re4+ Kf5 51. Re8 Rd7 52. e4+ Kg6 53. e5 Rc7 54. d6 Rxc4 55. d7 Rd4 56. d8Q Rxd8 57. Rxd8 Rxe5 58. Rxa4 Re6 59. Rda8 Rf6+ 60. Kg3 h4+ 61. Kg2 Kh5 62. Rh8+ Kg6 63. Ra5 Rc6 64. Rg8+ Kh6 65. Rgxg5 Rc2+ 66. Kh3 Rc4 67. Rh5+ Kg6 68. Rxh4 Rc2 69. Rg4+ Kh6 70. Rg2 Rc6 71. Kh2 Kh7 72. Rga2 Rh6+ 73. Kg3 Rg6+ 74. Kh4 Rg7 75. Rh5+ Kg8 76. Rg5 Kh7 77. Rxg7+ Kh6 78. Rg4 1-0

[Event "Titled Tuesday intern op 04th Jul Early"]
[Site "Chess.com INT"]
[Date "2023.07.04"]
[Round "5"]
[White "Subelj, Jan"]
[Black "Rizzo, Tobias"]
[Result "0-1"]
[WhiteElo "2513"]
[BlackElo "1866"]
[PlyCount "80"]
[EventDate "2023.07.04"]
[EventType "swiss (blitz)"]
[EventRounds "11"]
[EventCountry "USA"]
[SourceTitle "EXT 2024"]
[Source "ChessBase"]
[SourceDate "2023.10.10"]
[SourceVersion "1"]
[SourceVersionDate "2023.10.10"]
[SourceQuality "1"]

1. e4 c5 2. Nf3 e6 3. d3 d5 4. Nbd2 Nc6 5. Be2 Nf6 6. 0-0 Be7 7. c3 0-0 8. e5 Nd7 9. d4 Qb6 10. Nb3 a5 11. dxc5 Qc7 12. Bf4 a4 13. Nbd4 Nxc5 14. Nb5 Qb8 15. Re1 f6 16. exf6 Qxf4 17. fxe7 Nxe7 18. Qd4 Qxd4 19. cxd4 Na6 20. Bd1 Bd7 21. Nc3 b5 22. a3 Rac8 23. Ne5 Be8 24. Nd3 Bd7 25. Bg4 Nf5 26. Bxf5 Rxf5 27. Rac1 Kf7 28. Ne5+ Ke7 29. Ne2 Rff8 30. Nd3 Rc4 31. Ne5 Rcc8 32. Rxc8 Rxc8 33. Nc3 Kd6 34. Nd3 Rc4 35. Ne2 Rc2 36. Kf1 b4 37. Rc1 Rd2 38. Ndf4 Bb5 39. Ke1 Rxb2 40. axb4 Nxb4 0-1

[Event "Titled Tuesday intern op 04th Apr Early"]
[Site "Chess.com INT"]
[Date "2023.04.04"]
[Round "3"]
[White "Martic, Ivan"]
[Black "Rizzo, Tobias"]
[Result "1-0"]
[WhiteElo "2294"]
[BlackElo "1867"]
[PlyCount "101"]
[EventDate "2023.04.04"]
[EventType "swiss (blitz)"]
[EventRounds "11"]
[EventCountry "USA"]
[SourceTitle "EXT 2024"]
[Source "ChessBase"]
[SourceDate "2023.10.10"]
[SourceVersion "1"]
[SourceVersionDate "2023.10.10"]
[SourceQuality "1"]

1. d4 Nf6 2. Bg5 Ne4 3. Bf4 c5 4. f3 Nf6 5. d5 d6 6. e4 e5 7. Be3 a6 8. a4 Be7 9. Nc3 b6 10. Qd2 Nbd7 11. Nh3 Nf8 12. Nf2 Ng6 13. g3 Rb8 14. h4 h5 15. Bh3 b5 16. axb5 axb5 17. Bxc8 Qxc8 18. b4 0-0 19. 0-0 Nd7 20. Rfb1 Nb6 21. bxc5 Nc4 22. Qe2 Nxe3 23. Qxe3 b4 24. Na4 dxc5 25. Kg2 Bd6 26. c4 Qc7 27. Nd3 Rfc8 28. Nab2 Ra8 29. Qg5 Ra3 30. Rd1 Rca8 31. Rab1 Rc3 32. Qxh5 Ra2 33. Kh3 Rc2 34. Qg4 Qb7 35. h5 Nf8 36. h6 g6 37. Qg5 Qd7+ 38. Qg4 Qe7 39. Rh1 Nh7 40. Qc8+ Qf8 41. Qxf8+ Kxf8 42. f4 f6 43. fxe5 Ng5+ 44. Kg4 Bxe5 45. Nxe5 fxe5 46. Kxg5 Rcxb2 47. Rxb2 Rxb2 48. h7 Rg2 49. h8Q+ Ke7 50. Rh7+ Kd6 51. Qf6# 1-0

[Event "Titled Tuesday intern op 04th Apr Late"]
[Site "Chess.com INT"]
[Date "2023.04.04"]
[Round "4"]
[White "Rizzo, Tobias"]
[Black "Tarnowska, Aleksandra"]
[Result "1-0"]
[WhiteElo "1867"]
[BlackElo "1835"]
[PlyCount "56"]
[EventDate "2023.04.04"]
[EventType "swiss (blitz)"]
[EventRounds "11"]
[EventCountry "USA"]
[SourceTitle "EXT 2024"]
[Source "ChessBase"]
[SourceDate "2023.10.10"]
[SourceVersion "1"]
[SourceVersionDate "2023.10.10"]
[SourceQuality "1"]

1. d4 d5 2. Bf4 Nf6 3. e3 c6 4. Bd3 Qb6 5. Nd2 Bg4 6. f3 Bh5 7. Ne2 Nbd7 8. 0-0 Bg6 9. b3 Bxd3 10. cxd3 e6 11. Rc1 Ba3 12. Rc2 0-0 13. Nb1 Be7 14. g4 Rac8 15. Qd2 c5 16. dxc5 Bxc5 17. d4 Bd6 18. Rfc1 Rxc2 19. Rxc2 Bxf4 20. Nxf4 e5 21. dxe5 Nxe5 22. Kg2 h6 23. Nc3 Rd8 24. Ncxd5 Nfxg4 25. fxg4 Nxg4 26. Nxb6 Rxd2+ 27. Rxd2 Nxe3+ 28. Kf3 axb6 1-0